| 000 -LEADER |
| fixed length control field |
00736nam a22001577a 4500 |
| 003 - CONTROL NUMBER IDENTIFIER |
| control field |
OSt |
| 005 - DATE AND TIME OF LATEST TRANSACTION |
| control field |
20161026103146.0 |
| 008 - FIXED-LENGTH DATA ELEMENTS--GENERAL INFORMATION |
| fixed length control field |
161026b xxu||||| |||| 00| 0 eng d |
| 040 ## - CATALOGING SOURCE |
| Transcribing agency |
RUA |
| 082 ## - DEWEY DECIMAL CLASSIFICATION NUMBER |
| Classification number |
AGR TRY 2005 B044 Or.1 |
| 100 ## - MAIN ENTRY--PERSONAL NAME |
| 9 (RLIN) |
10921 |
| Personal name |
TRY ENGYOU; ទ្រី អេងយូ |
| 245 ## - TITLE STATEMENT |
| Title |
Effect of mulches on yield of chinese radish raphamus sativuse at crop station in royal university of agriculture, ឥទ្ធិពលនៃគំរបទៅលើទិន្នផលដំណាំឆៃថាវនៅស្ថានីយ៍ដំណាំ នៃសាកលវិទ្យាល័យភុមិន្ទកសិកម្ម |
| 260 ## - PUBLICATION, DISTRIBUTION, ETC. (IMPRINT) |
| Place of publication, distribution, etc. |
RUA |
| Name of publisher, distributor, etc. |
TRY |
| Date of publication, distribution, etc. |
2005 |
| 300 ## - PHYSICAL DESCRIPTION |
| Extent |
xi,66p. |
| Other physical details |
ill. |
| Dimensions |
29cm. |
| 942 ## - ADDED ENTRY ELEMENTS (KOHA) |
| Source of classification or shelving scheme |
|
| Koha item type |
AGR |